01711nam a2200241Ia 4500001000600000003000900006008004100015040001300056040001300069041001300082100002000095100002900115245004000144245003900184250001100223260001100234260002400245260004900269300005700318500103300375650003001408650003101438A9399IT-RoPAU130308s9999 xx 000 0 und d aIT-RoPAU cIT-RoPAU aITALIANO aRocchetta Carlo gCodice Aut. SPICS: 36353 aPer una teologia della corporeità bPer una Teologia della Corporeita' a1a ed. aTORINO bEdizioni Camilliane c1990 [1° Ed.:1990 - Ed.Ling.Originale:1990] a"298 p. (prefazione: no ; testo: 298 [pagine: 0-0])" aPolivalenza del Corpo. Corpo e Persona. fenomenologia del Corpo. Corpo nell'Antropologia Biblica. vocabolario Antropologico dell'antico e del Nuovo Testamento. linee Fondamentali di Antropologia Biblica. Corpo nella Storia del Cristianesimo. Gnosi, Messaggio Biblico e Platonismo. Aristotelismo e posizione di S. tommaso. Corpo nel Medioevo: Luteranesimo e posizione Cattolica. Antropologia Cartesiana e Orientamenti Recenti. Corpo nella Cultura Contemporanea. problematiche Etiche del Corpo. Personalismo Cristiano. riappropriazione Attuale del Corpo nella Chiesa. Corpo e Teologia. prospettive Teologiche. Uomo e suo Corpo. Sessualità nel progetto di Dio. Corpo Segnato dal peccato D'Origine. Questione del peccato Originale. Corpo di Cristo, Sacramento di Redenzione. Chiesa, Eucaristia e Corpo di Cristo. Corpo del Battezzato. Corpo e Grazia. Corpo nel matrimonio e nella Consacrazione. Corpo nella malattia e nella Morte. Risurrezione dei Corpi. Maria Ssunta in Anima e Corpo Icona del Popolo di Dio. Bibliografia Scelta. aCOMUNICAZIONE NON VERBALE eCodice materia Spics: 8100